Casos prácticos de marketing
Guardado en:
| Autor principal: | |
|---|---|
| Formato: | Libro |
| Lenguaje: | español |
| Publicado: |
Madrid
McGraw-Hill
1995
|
| Edición: | 1a. ed |
| Materias: | |
| Etiquetas: |
Agregar Etiqueta
Sin Etiquetas, Sea el primero en etiquetar este registro!
|
MARC
| LEADER | 00000cam a2200000 a 4500 | ||
|---|---|---|---|
| 001 | UCZ6967 | ||
| 003 | CL-VaPUC | ||
| 008 | 951222e19950000SP |||||||||||||||||spa|d | ||
| 020 | |a 8448116496 | ||
| 082 | 0 | 4 | |a 658.8 |b LAM |2 21 |
| 100 | |a Lambin, Jean-Jacques |e author |9 589633 | ||
| 245 | 1 | 0 | |a Casos prácticos de marketing |
| 250 | |a 1a. ed | ||
| 300 | |a 427 p | ||
| 942 | |c BK | ||
| 945 | |d 19951222 00:00:00 |a rleighto | ||
| 260 | |a Madrid |b McGraw-Hill |c 1995 | ||
| 650 | 0 | |a Marketing |9 259324 | |
| 583 | |a last modification |c 20160826 02:46:02 |k Rodrigo Vera | ||
| 999 | |c 243104 |d 243102 | ||
| 952 | |0 0 |1 0 |4 0 |6 658_800000000000000_LAM_1995 |7 0 |8 A |9 256531 |a BIBENE |b BIBENE |d 2019-11-19 |i 3162001 |o 658.8 LAM 1995 |p 3162001 |r 2025-01-15 |w 2019-11-19 |y BK |k ICO | ||
| 952 | |0 0 |1 0 |4 0 |6 658_800000000000000_LAM_1995 |7 0 |8 A |9 256532 |a BIBENE |b BIBENE |d 2019-11-19 |i 3190234 |o 658.8 LAM 1995 |p 3190234 |r 2025-01-15 |w 2019-11-19 |y BK |k ICO | ||
| 952 | |0 0 |1 0 |4 0 |6 658_800000000000000_LAM_1995 |7 0 |8 A |9 256533 |a BIBENE |b BIBENE |d 2019-11-19 |i 320605K |o 658.8 LAM 1995 |p 320605K |r 2025-01-15 |w 2019-11-19 |y BK |k ICO | ||
| 952 | |0 0 |1 0 |4 0 |6 658_800000000000000_LAM_1995 |7 0 |8 A |9 256534 |a BIBGIM |b BIBGIM |d 2019-11-19 |i 3338916 |o 658.8 LAM 1995 |p 3338916 |r 2025-01-15 |w 2019-11-19 |y BK |k COM | ||